000 00729nam a2200265 4500
001 0002536
003 DO-SdBNP
005 20180213091554.0
007 0002536
008 160401b 2008 dr ||| |||| 00| 0 spa d
040 _aBPMSU
_bspa
_cBPMSU
082 4 _aRD861.44
_bE79r
100 1 _4Estévez, Domingo José
245 1 0 _aRostros de mi vida /
_cDomingo José Estévez
260 0 _aSanto Domingo :
_bDelfos,
_c2008
300 _a86 p. :
_c20 cm.
490 1 _3Poesía
650 4 _aPOESÍAA DOMINICANA
650 4 _aLITERATURA DOMINICANA
830 _3Poesía
910 _aValidado. Control de calidad MFF
942 _2ddc
_cBK
945 _aInventariado, 2018/ YL
956 _2VMATEO
_310
_620160301
_8BPMSU
_a0069
999 _c9491
_d9491